| 000 | 00800nam a2200265 i 4500 | ||
|---|---|---|---|
| 001 | 17025 | ||
| 003 | ES-MaACL | ||
| 005 | 20250526173555.0 | ||
| 007 | t| | ||
| 008 | 001215s1996 sp |||| |aspa d | ||
| 020 | _a84-339-3053-2 | ||
| 080 | _a821.112.2(436)-94"19" | ||
| 080 | _a929 Bernhard, Thomas | ||
| 100 | 1 |
_aBernhard, Thomas. _928324 |
|
| 245 | 1 | 3 |
_aEl sótano _b: un alejamiento / _cThomas Bernhard ; traducción de Miguel Sáenz. |
| 250 | _a4ª ed. | ||
| 260 |
_aBarcelona : _bAnagrama, _c1996. |
||
| 300 |
_a143 p. ; _c20 cm. |
||
| 490 | 1 |
_aPanorama de narrativas ; _v53 |
|
| 600 | 1 | 4 |
_aBernhard, Thomas. _928324 |
| 700 | 1 |
_aSáenz, Miguel, _d1932- _9101299 |
|
| 830 | 0 | 0 |
_aPanorama de narrativas _v53 _9123642 |
| 852 |
_aES-MaACL _jL-24042 |
||
| 999 |
_c17025 _d17025 |
||